00691cam a2200193 a 4500003000500000005001700005008004100022010001000063011001000073020001500083035001100098040000900109110000900118245023600127260003700363300004000400650004000440650001700480CHAP20220817044017.0050405d2004 mx 00010 spa d a89986 a90958 a9680201007 a101515 cCHAP2 aUACH10aBanco nacional de germoplasma vegetal : avances de investigación en el Totonacapan :bprograma producido a nivel nacional en México y en los Estados Unidos de América por canal once de televisión (disco compacto)c/por UACH aChapingo, Méx. :bUACH,c2004. a1 disco compacto (DVD)c4 3/4 plgs.14aColecciones de material genético.14aGermoplasma.